000 003230000a22000970004500
100 1 _aBrocklin, Gary van
245 1 0 _aLa influencia de Miguel Unamuno en el apostolado académico de Juan A. Mackay en los años 1916 a 1925
300 _aVol. 6, Núm 10 (1998), Páginas 69-77
773 0 _tTextos para la acción
942 _cANA
999 _c53220
_d53220